000 01737nam a2200457 c 4500
999 _c161571
_d161571
003 BLK
005 20240921004003.0
008 180410b bul|||||r ||||||| ||bul||
010 _aKNG00168895000
020 _a978-954-660-184-1
040 _aBLK
041 _aBUL
_cBUL
072 7 _2bullib
_aН86
_xДетска отраслова литература Н
080 _aРелигиозна литература. Учебници по вероучение (религия)
_b244
_x(0:82-97)(02.053.2)
_z244(0:82-97)(02.053.2)
080 _aЛитература на отделни езици и езикови семейства
_b821
_x-93-91
_z821-93-91
139 _aБиблейски легенди
_bБ 44
245 1 0 _aБиблейски легенди
_cлит. обраб. Цанко Лалев; * Цанко Лалев Дулев.
257 _aSB
260 _bПАН
_c2012
300 _a144 с.
_c20 см
380 _aDN
490 1 _aПоредица Книги за ученика
650 4 _aБиблия
_9148564
650 4 _aРелигия - издания за деца
_9253667
653 _aбиблейски митове
653 _aлегенди
653 _aпритчи
653 _aлитература за деца
653 _aдетска литература
659 _aН
700 _aЛалев, Цанко
_qДулев, Цанко Лалев
_9363801
700 1 _aДулев, Цанко Лалев
_e*
_9365797
852 _aЦб 294859
856 4 _qpdf
856 4 _qpdf
942 _cKNG
_n0
_012
944 _aCR
_c18.12.2014
_lCRON CRON
_k
944 _aED
_c04.02.2015
_lф /
_kЛюдмила_Стоянова
999 _d161571
999 _d161571